000 005290000a22001690004500
003 MACL
005 20160317114645.0
008 160317b xxu||||| |||| 00| 0 eng d
040 _aMACL
_cMACL
041 _aHindi
082 _a920
100 _aअग्रवाल विजय
_946794
245 _aधनुर्धर अर्जुन
260 _bसाहित्‍य केन्‍द्र प्रकाशन
_c1988
_aनई दिल्‍ली
650 _aBiography
_946795
942 _cHIN
_k920
_2ddc
999 _c28959
_d28959